| 000 | 00565cam a2200229 i 4500 | ||
|---|---|---|---|
| 001 | 17832003 | ||
| 005 | 20180103071938.0 | ||
| 008 | 130731s2014 iluab e 001 0 eng | ||
| 010 | _a 2013023368 | ||
| 020 | _a9780716601142 | ||
| 040 |
_aDLC _beng _cDLC _erda |
||
| 041 | _aeng | ||
| 042 | _apcc | ||
| 080 | _aR 030 | ||
| 082 | 0 | 0 |
_aR 030 _223 |
| 100 | _a27 | ||
| 101 | _aREF | ||
| 245 | 0 | 4 | _aThe World Book Encyclopedia. |
| 906 |
_a7 _bcbc _corignew _d1 _eecip _f20 _gy-gencatlg |
||
| 942 |
_2ddc _cBK |
||
| 999 |
_c39634 _d39634 |
||